000 01069nam0a22002771 4500
001 rc\4786306
005 20250613084142.0
021 _aRU
_b[63-7051ж]
035 _a(NLR Aleph) 009032617
090 _a9499183
_c9499183
100 _a20130417d1962 |||y0rusy50 ca
101 0 _arus
102 _aRU
105 _aa z |||||
200 1 _aОбобщение опыта работы и перспективы развития карьерного транспорта
_e[Сборник статей
_fОтв. ред. А.Н. Шилин]
210 _aСвердловск
_cБ. и.
_d[1962]
215 _a164 с.
_cил.
_d26
225 1 _aАкадемия наук СССР. Уральский филиал. Труды Института горного дела
_vВып. 4
320 _aБиблиогр. в конце статей
606 _aКарьерный транспорт
_jСборники
_2psbo
702 1 _aШилин
_bА.Н.
_4340
801 0 _aRU
_bNLR
_gpsbo
801 1 _aRU
_bELAR
_2rusmarc
852 _aNLR
_jП11/2264
942 _cBOOK
980 _aNB